Giáo dục công dân 10

Salvato in:
Dettagli Bibliografici
Autore principale: Mai, Văn Bính
Altri autori: Lê, Thanh Hà
Natura: Libro
Lingua:Undetermined
Pubblicazione: H. Giáo dục 2010
Soggetti:
Accesso online:http://lrc.tdmu.edu.vn/opac/search/detail.asp?aID=2&ID=6507
Tags: Aggiungi Tag
Nessun Tag, puoi essere il primo ad aggiungerne! !
Thư viện lưu trữ: Trung tâm Học liệu Trường Đại học Thủ Dầu Một
LEADER 00610nam a2200205Ia 4500
001 TDMU_6507
008 210410s9999 xx 000 0 und d
082 |a 370.11 
090 |b M103 
100 |a Mai, Văn Bính 
245 0 |a Giáo dục công dân 10 
245 0 |c Mai Văn Bính 
260 |a H. 
260 |b Giáo dục 
260 |c 2010 
300 |a 116tr. 
650 |a Sách lớp 10; Giáo dục công dân 
700 |a Lê, Thanh Hà 
856 |u http://lrc.tdmu.edu.vn/opac/search/detail.asp?aID=2&ID=6507 
980 |a Trung tâm Học liệu Trường Đại học Thủ Dầu Một